000 01119cam a2200289 a 4500
001 000010779
005 20200929162306.0
008 930505s1992 ve a 001 0 spa
020 _a9802594970
035 _a(DLC) 93149450
040 _aDO-SdBNP
_cDLC
_dBNPHU
082 _a305.8987
_bS228h
100 1 _aSanoja, Mario.
_916154
245 1 3 _aLa huella asiática en el poblamiento de Venezuela /
_cMario Sanoja Obediente, Iraida Vargas Arenas.
260 _aCaracas, (Venezuela) :
_bDepartamento de Asuntos Públicos de Lagoven ;
_bFilial de Petroleos de Venezuela,
_c1992.
300 _a102 p. :
_bi. ;
_c21 cm.
490 1 _aCuadernos Lagoven
_aMedio milenio
500 _aIncluye índice geográfico y onomástico.
504 _aIncluye referencias Bibliográficas y notas al pie de las páginas.
504 _aBibliografías: p. 94-[97].
650 4 _aIndigenas de venezuela
_926019
650 4 _aIndigenas de venezuela
_xAntigüedades
_926020
700 1 _aVargas Arenas, Iraida.
_916157
830 0 _aCuadernos Lagoven,
_pMedio milenio
_96272
910 _aCatalogación por copia / LC
049 _aBNGR
999 _c10531
_d10531